MARC

LEADER 00000nam0a2200000 4500
001 348390
005 20231102010113.0
035 |a (RuTPU)RU\TPU\retro\49 
090 |a 348390 
100 |a 20180215d1960 km y0rusy50 ca 
101 0 |a rus 
102 |a RU 
105 |a a z 001zy 
200 1 |a Радиоактивные изотопы в исследовании износа режущего инструмента  |f Н. Ф. Казаков 
210 |a Москва  |c Машгиз  |d 1960 
215 |a 328 с.  |c ил. 
320 |a Библиогр.: с. 316-324 
606 1 |a Режущие инструменты  |x Износ  |2 stltpush  |3 (RuTPU)RU\TPU\subj\24371  |9 48727 
610 1 |a радиоактивность 
610 1 |a физические основы 
610 1 |a взаимодействие с веществом 
610 1 |a излучение 
610 1 |a регистрация 
610 1 |a применение 
610 1 |a методы 
610 1 |a износостойкость 
610 1 |a исследования 
610 1 |a твердые сплавы 
610 1 |a скоростное резание 
610 1 |a режущие свойства 
610 1 |a смазочно-охлаждающие жидкости 
610 1 |a разупрочнение 
610 1 |a биологическое действие 
610 1 |a дозиметрический контроль 
610 1 |a техника безопасности 
675 |a 621.9.029  |v 4 
700 1 |a Казаков  |b Н. Ф.  |g Николай Федотович 
801 1 |a RU  |b 63413507  |c 20180215 
801 2 |a RU  |b 63413507  |c 20221024  |g RCR 
942 |c BK